W sprawle pochodzenia wyrazu czekan

Elmentve itt :
Bibliográfiai részletek
Szerző: Reychman Jan
Dokumentumtípus: Cikk
Megjelent: 1954
Sorozat:Język Polski
Kulcsszavak:Lengyel nyelv - etimológia
Tárgyszavak:
Online Access:http://misc.bibl.u-szeged.hu/62063
LEADER 00734nab a2200229 i 4500
001 misc62063
005 20230630132107.0
008 230531s1954 hu o 0|| pol d
040 |a SZTE Miscellanea Repozitórium  |b hun 
041 |a pol 
100 1 |a Reychman Jan 
245 1 0 |a W sprawle pochodzenia wyrazu czekan  |h [elektronikus dokumentum] /  |c  Reychman Jan 
260 |c 1954 
300 |a 220-222  |c 24 cm 
300 |a [3] p.  |c 24 cm 
490 0 |a Język Polski 
561 |a Németh Gyula hagyaték 
591 |a LOA 3096; NOA 4866; NOA 4867 
650 4 |a Bölcsészettudományok 
650 4 |a Nyelvek és irodalom 
695 |a Lengyel nyelv - etimológia 
856 4 0 |u http://misc.bibl.u-szeged.hu/62063/1/4866_noa.pdf  |z Dokumentum-elérés